| 000 -LEADER |
| fixed length control field |
01297pab a2200157 454500 |
| 008 - FIXED-LENGTH DATA ELEMENTS--GENERAL INFORMATION |
| fixed length control field |
180718b2015 xxu||||| |||| 00| 0 eng d |
| 100 ## - MAIN ENTRY--PERSONAL NAME |
| Personal name |
Bel, Germa |
| 245 ## - TITLE STATEMENT |
| Title |
Inter- municipal cooperation and costs: expectations and evidence |
| 260 ## - PUBLICATION, DISTRIBUTION, ETC. |
| Date of publication, distribution, etc. |
2015 |
| 300 ## - PHYSICAL DESCRIPTION |
| Extent |
p.52-67. |
| 520 ## - SUMMARY, ETC. |
| Summary, etc. |
Austerity and fiscal crisis make the search for cost-saving reforms in local government more critical. While cost savings from privatization have frequently proven ephemeral, inter-municipal cooperation has been a relatively understudied reform. We analyse the literature on cost savings under cooperation and find that savings are dependent on (1) the cost structure of public services, particularly those related to scale and density economies and externalities, (2) the structure of local government (size, metropolitan location, powers granted by the nation or regional state), and (3) the governance framework at the local/regional level where cooperation varies from informal to formal. European studies give more emphasis to cost savings, while US studies focus on coordination concerns arising from the higher degree of devolution in the US local government system. - Reproduced. |
| 650 ## - SUBJECT ADDED ENTRY--TOPICAL TERM |
| Topical term or geographic name entry element |
Local government |
| 700 ## - ADDED ENTRY--PERSONAL NAME |
| Personal name |
Warner, Mildred E. |
| 773 ## - HOST ITEM ENTRY |
| Main entry heading |
Public Administration |
| 909 ## - |
| -- |
108521 |